Codigo de trabajo/ (Registro nro. 8265)

Detalles MARC
000 -LEADER
fixed length control field 01615nam a2200181Ia 4500
005 - FECHA Y HORA DE LA ÚLTIMA TRANSACCIÓN
control field 20241127180736.0
008 - FIXED-LENGTH DATA ELEMENTS--GENERAL INFORMATION
fixed length control field 230609s9999 xx 000 0 und d
040 ## - CATALOGING SOURCE
Original cataloging agency UPAN
Transcribing agency Biblioteca San Vicente
Description conventions RCAA2
041 ## - LANGUAGE CODE
Language code of text/sound track or separate title spa
082 ## - DEWEY DECIMAL CLASSIFICATION NUMBER
Classification number 348.023
Item number A798c
año de publicación 1994
110 ## - MAIN ENTRY--CORPORATE NAME
Corporate name or jurisdiction name as entry element Asamblea legislativa
245 #0 - TITLE STATEMENT
Title Codigo de trabajo/
Remainder of title Asamblea legislativa
260 ## - PUBLICATION, DISTRIBUTION, ETC. (IMPRINT)
Place of publication, distribution, etc El Salvador;
Date of publication, distribution, etc 1994,
300 ## - PHYSICAL DESCRIPTION
Extent 260 p.:
Dimensions 18 cm.
505 ## - FORMATTED CONTENTS NOTE
Formatted contents note Libro Primero.<br/>Titulo Preliminar: <br/>Disposiciones generales.<br/>Titulo Primero: Derecho individual de trabajo.<br/>Titulo Segundo: Del trabajo sujeto a regímenes especiales.<br/>Titulo Tercero: Salarios, jornadas de trabajo, descansos semanales, vacaciones, asuetos y aguinaldos.<br/>Libro Segundo: <br/>Derecho colectivo del trabajo.<br/>Titulo Primero: Asociaciones profesionales.<br/>Titulo Segundo: Del contrato colectivo de trabajo y de la convención colectiva de trabajo.<br/>Titulo Tercero: Procedimientos para uniformar las condiciones de trabajo en las diferentes actividades económicas.<br/>Titulo Cuarto: Reglamento interno de trabajo.<br/>Libro Tercero: <br/>Previsión y seguridad social.<br/>Titulo Primero: Prestaciones inmediatas a cargo del patrono.<br/>Titulo Segundo: Seguridad e higiene del trabajo.<br/>Titulo Tercero: Riesgos profesionales.<br/>Libro Cuarto: <br/>Derecho procesal de trabajo.<br/>Titulo Primero: De la jurisdicción, competencia y capacidad de las partes.<br/>Titulo Segundo: Procedimiento para los juicios individuales.<br/>Titulo Tercero: De los conflictos colectivos.<br/>Titulo Cuarto: De los recursos.<br/>Libro Quinto: <br/>Disposiciones finales.
650 ## - SUBJECT ADDED ENTRY--TOPICAL TERM
Source of heading or term LEMB
Topical term or geographic name as entry element Derecho laboral
942 ## - ADDED ENTRY ELEMENTS (KOHA)
Koha item type Libros
Source of classification or shelving scheme Dewey Decimal Classification
Existencias
Withdrawn status Lost status Source of classification or shelving scheme Damaged status Not for loan Collection code Home library Current library Date acquired Total Checkouts Full call number Barcode Date last seen Copy number Price effective from Koha item type
    Dewey Decimal Classification     Colección General Biblioteca UPAN San Vicente Biblioteca UPAN San Vicente 09/06/2023   348.023 A798c 12001112 09/06/2023 01 09/06/2023 Libros